[Event "AUTO-ADV-1383"]
[Site "http://www.queenalice.com/game.php?id=612488"]
[Date "2009.7.3"]
[Round "1"]
[White "justeldiablo"]
[Black "jcm"]
[Result "1-0"]
[WhiteElo "1936"]
[BlackElo "1811"]

1. e4 c5 2. c3 e6 3. f4 Nc6 4. Nf3 Qc7 5. d4 cxd4 6. cxd4 a6 7. a3 b5 8. e5 Bb7
9. Be3 Nge7 10. Bd3 Nd5 11. Bd2 d6 12. Nc3 Na5 13. Rc1 Nc4 14. Bxc4 Nxc3 15.
Bxb5+ axb5 16. Rxc3 Qb6 17. O-O Be7 18. Be3 Qd8 19. b4 O-O 20. Qe2 Qd7 21. Nd2
Rfc8 22. Rfc1 Rxc3 23. Rxc3 Rc8 24. Qd3 Bc6 25. Qb1 Qb7 26. Qa1 Bd5 27. Nf1 h6
28. Rxc8+ Qxc8 29. Qc1 Qb7 30. Qd2 Qa8 31. Qb2 h5 32. Bc1 h4 33. h3 f6 34. Ne3
Kf7 35. Qe2 Qb7 36. Qh5+ Kg8 37. exf6 gxf6 38. Qxh4 Be4 39. Qg4+ Kf8 40. Qxe6
1-0

[Event "AUTO-ADV-1383"]
[Site "http://www.queenalice.com/game.php?id=612489"]
[Date "2009.7.3"]
[Round "1"]
[White "jcm"]
[Black "justeldiablo"]
[Result "0-1"]
[WhiteElo "1841"]
[BlackElo "1722"]

1. e4 e5 2. Nf3 d6 3. Bc4 Bg4 4. Nc3 Nf6 5. h3 Bxf3 6. Qxf3 c6 7. d3 Nbd7 8. Be3
h6 9. O-O-O b5 10. Bb3 a5 11. a3 Qb8 12. Ba2 c5 13. Nd5 a4 14. Bd2 Qa7 15. b4
axb3 0-1

[Event "AUTO-ADV-1383"]
[Site "http://www.queenalice.com/game.php?id=612500"]
[Date "2009.7.3"]
[Round "1"]
[White "Moquiche"]
[Black "jcm"]
[Result "1-0"]
[WhiteElo "1957"]
[BlackElo "1820"]

1. d4 d5 2. e3 Nf6 3. Nf3 Bf5 4. Nbd2 Nc6 5. Bb5 e6 6. Bxc6+ bxc6 7. Ne5 Qd6 8.
c4 Nd7 9. c5 Qe7 10. Nxc6 Qf6 11. Qb3 Be7 12. Qb7 O-O 13. Qxc7 1-0

[Event "AUTO-ADV-1383"]
[Site "http://www.queenalice.com/game.php?id=612501"]
[Date "2009.7.3"]
[Round "1"]
[White "jcm"]
[Black "Moquiche"]
[Result "0-1"]
[WhiteElo "1809"]
[BlackElo "1980"]

1. e4 c5 2. Nf3 Nc6 3. d4 Nxd4 4. Nxd4 cxd4 5. Qxd4 d6 6. Nc3 e5 7. Qd1 Nf6 8.
Bc4 Be7 9. Be3 O-O 10. Qe2 Bg4 11. f3 Bh5 12. O-O-O a6 13. g4 Bg6 14. Nd5 b5 15.
Nxf6+ Bxf6 16. Rhg1 bxc4 17. h4 Bxh4 18. f4 exf4 19. Bxf4 Bg5 20. Bxg5 Qxg5+ 21.
Kb1 Qc5 0-1

[Event "AUTO-ADV-1383"]
[Site "http://www.queenalice.com/game.php?id=612508"]
[Date "2009.7.3"]
[Round "1"]
[White "jcm"]
[Black "ungern"]
[Result "0-1"]
[WhiteElo "1797"]
[BlackElo "1666"]

1. e4 e5 2. Nf3 Nc6 3. Bc4 d6 4. c3 Be6 5. d3 Bxc4 6. dxc4 Be7 7. Be3 Nf6 8.
Nbd2 O-O 9. Qe2 Ng4 10. h3 Nxe3 11. Qxe3 a6 12. O-O-O b5 13. c5 dxc5 14. Nc4 Bd6
15. Ncxe5 Nxe5 16. Nxe5 Qe7 17. Nf3 b4 18. c4 a5 19. Qe2 Bf4+ 20. Kb1 Qf6 21. g3
Be5 22. h4 Rad8 23. Nxe5 Qxe5 24. f4 Qe6 25. f5 Qe5 26. g4 a4 27. g5 Rxd1+ 28.
Rxd1 a3 29. b3 c6 30. h5 Re8 31. Re1 Rd8 32. g6 hxg6 33. hxg6 fxg6 34. fxg6 Rf8
35. Rh1 Rf6 36. Qg2 Rxg6 37. Qe2 Rg4 38. Re1 g5 39. Kc1 Qa1+ 0-1

[Event "AUTO-ADV-1383"]
[Site "http://www.queenalice.com/game.php?id=612509"]
[Date "2009.7.3"]
[Round "1"]
[White "ungern"]
[Black "jcm"]
[Result "0-1"]
[WhiteElo "1669"]
[BlackElo "1800"]

1. e4 c5 2. Nf3 e6 3. d4 cxd4 4. Nxd4 Nc6 5. Be3 a6 6. Nc3 Qc7 7. Bd3 b5 8. Nxc6
Qxc6 9. O-O Bb7 10. Qf3 Nf6 11. Rad1 Be7 12. Rfe1 d5 13. exd5 Nxd5 14. Nxd5 Qxd5
15. Bxb5+ Qxb5 16. Qg4 Bf6 17. Bg5 Qxg5 18. Qxg5 Bxg5 19. b4 O-O 20. c4 Be7 21.
a3 Rfd8 22. Rc1 Rd2 23. Kf1 Rad8 24. c5 Bc6 25. g3 Ra2 26. Ra1 Rdd2 27. Red1
Rxd1+ 28. Rxd1 Rxa3 29. Rd4 Ra4 30. Ke2 a5 31. Kd3 axb4 32. Kc2 b3+ 0-1

[Event "QA-ANNIV-05"]
[Site "http://www.queenalice.com/game.php?id=654420"]
[Date "2009.9.18"]
[Round "2"]
[White "Smartmove"]
[Black "jcm"]
[Result "1-0"]
[WhiteElo "2124"]
[BlackElo "1800"]

1. e4 c5 2. Nf3 e6 3. d4 cxd4 4. Nxd4 a6 5. Bd3 Bc5 6. Nb3 Qc7 7. Nxc5 Qxc5 8.
Be3 Qc7 9. Qg4 g6 10. Nc3 Nc6 11. O-O Nge7 12. Qh4 b5 13. Bf4 d6 14. Bxb5 axb5
15. Nxb5 1-0

[Event "AUTO-ADV-1223"]
[Site "http://www.queenalice.com/game.php?id=675909"]
[Date "2009.11.1"]
[Round "2"]
[White "krystek23"]
[Black "jcm"]
[Result "1-0"]
[WhiteElo "1998"]
[BlackElo "1776"]

1. c4 e5 2. Nc3 Nc6 3. Nf3 Be7 4. g3 d6 5. d4 e4 6. Nxe4 Nf6 7. Nc3 Be6 8. Bg2
Bxc4 9. d5 Ne5 10. Nxe5 dxe5 11. Qa4+ 1-0

[Event "AUTO-ADV-1223"]
[Site "http://www.queenalice.com/game.php?id=675910"]
[Date "2009.11.1"]
[Round "2"]
[White "jcm"]
[Black "krystek23"]
[Result "0-1"]
[WhiteElo "1769"]
[BlackElo "2044"]

1. e4 c5 2. Nf3 e6 3. Nc3 Nc6 4. Be2 Nf6 5. O-O Be7 6. b3 O-O 7. Bb2 d5 8. exd5
exd5 9. d4 Re8 10. Re1 Bg4 11. Qd3 Rc8 12. Rad1 Nb4 13. Qd2 Bxf3 14. Bxf3 cxd4
0-1

[Event "AUTO-ADV-1223"]
[Site "http://www.queenalice.com/game.php?id=675911"]
[Date "2009.11.1"]
[Round "2"]
[White "coyote78"]
[Black "jcm"]
[Result "1-0"]
[WhiteElo "2004"]
[BlackElo "1764"]

1. e4 c5 2. Nf3 e6 3. g3 Nc6 4. Bg2 a6 5. Nc3 Qc7 6. O-O b5 7. d3 Bb7 8. Ng5 h6
9. Nh3 O-O-O 10. a4 b4 11. Na2 a5 12. c3 Be7 13. d4 c4 14. Bf4 d6 15. cxb4 axb4
16. d5 Na5 17. Nxb4 Nb3 18. Rb1 Qc5 19. Nd3 Qb6 20. Qc2 Ba6 21. Be3 Qb7 22. dxe6
fxe6 23. e5 d5 24. Nhf4 Qd7 25. Nc1 Na5 26. Bb6 1-0

[Event "AUTO-ADV-1223"]
[Site "http://www.queenalice.com/game.php?id=675912"]
[Date "2009.11.1"]
[Round "2"]
[White "jcm"]
[Black "coyote78"]
[Result "0-1"]
[WhiteElo "1733"]
[BlackElo "2017"]

1. e4 e6 2. d3 d5 3. Qe2 Be7 4. Nf3 Nf6 5. Nbd2 Nc6 6. g3 O-O 7. Bg2 b6 8. O-O
dxe4 9. Nxe4 Nxe4 10. Qxe4 Bb7 11. Bd2 Rb8 12. Qe1 Bf6 13. Bc3 Nd4 14. Nxd4 Bxd4
15. Bxb7 Rxb7 16. Qe4 Bxf2+ 17. Rxf2 Rb8 18. Qe5 f6 19. Qxe6+ Kh8 20. Raf1 Qd6
21. Qh3 Rbe8 22. a3 Re6 23. Bb4 c5 24. Bc3 Qe7 25. Rf4 Re2 26. Rh4 h6 27. Re4
Rxe4 28. dxe4 Qxe4 29. Qg2 Qe3+ 30. Qf2 Qg5 31. Qf5 Qe3+ 32. Qf2 Qg5 33. Re1 f5
0-1

[Event "QA-ANNIV-05"]
[Site "http://www.queenalice.com/game.php?id=723737"]
[Date "2010.2.1"]
[Round "3"]
[White "jcm"]
[Black "kako"]
[Result "0-1"]
[WhiteElo "1758"]
[BlackElo "1897"]

1. e4 e5 2. Nf3 Nc6 3. Bc4 h6 4. c3 Nf6 5. d4 exd4 6. cxd4 Bb4+ 7. Bd2 Bxd2+ 8.
Nbxd2 Na5 9. Qc2 Nxc4 10. Qxc4 d6 11. O-O O-O 12. Rad1 Be6 13. Qc2 Bxa2 14. b3
Bxb3 15. Qxb3 Qd7 16. e5 Nh7 17. Qxb7 Rfb8 18. Qd5 Nf8 19. Rfe1 Re8 20. Nc4 Rad8
21. Na5 Ne6 22. Nc6 Nf4 23. Qe4 d5 24. Qxf4 Qxc6 25. Ra1 Ra8 26. Qd2 a6 27. Qa5
Re7 28. Nd2 Rc8 29. Qxa6 Qd7 30. Nb3 c6 31. Nc5 Qe8 32. Nb7 Qd7 33. Nd6 Rf8 34.
Qb6 f6 35. exf6 Rxe1+ 36. Rxe1 Qxd6 37. fxg7 Kxg7 38. Rc1 Rc8 39. h3 Kg6 40.
Qb1+ Kg7 41. Qb7+ Qc7 42. Qxc7+ Rxc7 43. Kf1 Kf6 44. Ke2 Kf5 45. Kd3 Kf4 46. Re1
Kf5 47. Kc3 Rb7 48. Kd3 Rb4 49. Rc1 Rb6 0-1

[Event "AUTO-ADV-2631"]
[Site "http://www.queenalice.com/game.php?id=1106687"]
[Date "2012.9.26"]
[Round "1"]
[White "Esvir"]
[Black "jcm"]
[Result "0-1"]
[WhiteElo "1991"]
[BlackElo "1746"]

1. c4 e5 2. a3 Nf6 3. d4 exd4 4. Qxd4 Nc6 5. Qc3 Bc5 6. b4 Bxf2+ 7. Kd1 Bd4 8.
Qg3 Ne4 9. Qf3 Nf2+ 10. Ke1 Nxh1 11. Ra2 d6 12. e3 Be5 13. g3 Nxg3 14. hxg3 Qg5
15. Rf2 Be6 16. Ne2 O-O-O 17. e4 Qg6 18. Nf4 Qf6 19. Nxe6 Qxf3 20. Rxf3 fxe6 21.
Bf4 Bxf4 22. gxf4 h6 23. Bh3 Rde8 24. Kd2 Kd8 25. Nc3 a6 26. Ke3 Rhf8 27. Rg3
Rg8 28. Bxe6 Rxe6 29. f5 Ree8 30. Nd5 Ne7 31. Nxe7 Rxe7 32. Rg6 h5 33. f6 Rf7
34. fxg7 Rgxg7 0-1

[Event "AUTO-ADV-2631"]
[Site "http://www.queenalice.com/game.php?id=1106688"]
[Date "2012.9.26"]
[Round "1"]
[White "jcm"]
[Black "Esvir"]
[Result "0-1"]
[WhiteElo "1753"]
[BlackElo "1984"]

1. e4 e5 2. Nf3 d6 3. Bc4 Nf6 4. Nc3 h6 5. d4 exd4 6. Nxd4 c5 7. Nf3 Nc6 8. Bf4
Bg4 9. O-O Nd4 10. Be2 Nxe2+ 11. Qxe2 Be7 12. Qd3 O-O 13. Nd5 Nxd5 14. exd5 Qb6
15. Rfe1 Qxb2 16. Nd2 b5 17. h3 Bd7 18. Nb3 c4 19. Qg3 cxb3 20. cxb3 Bf6 21.
Bxd6 Rfe8 22. Rac1 Rxe1+ 23. Rxe1 Qxa2 24. Re4 Qb1+ 25. Kh2 Qxe4 0-1

[Event "AUTO-ADV-2631"]
[Site "http://www.queenalice.com/game.php?id=1106699"]
[Date "2012.9.26"]
[Round "1"]
[White "Lopesq"]
[Black "jcm"]
[Result "1/2-1/2"]
[WhiteElo "1916"]
[BlackElo "1720"]

1. d4 d5 2. Nf3 Nc6 3. c3 Nf6 4. Nbd2 Bf5 5. e3 e6 6. Bb5 Qd6 7. Ne5 Be7 8.
Bxc6+ bxc6 9. Qa4 O-O 10. Nxc6 Be4 11. Nxe4 Nxe4 12. Nxe7+ Qxe7 13. O-O Qd6 14.
f4 Rfc8 15. Qd1 c5 16. dxc5 Qxc5 17. Qe2 Rcb8 18. a4 Rb3 19. Rf3 Rab8 20. Qc2
Qc4 1/2-1/2

[Event "AUTO-ADV-2631"]
[Site "http://www.queenalice.com/game.php?id=1106700"]
[Date "2012.9.26"]
[Round "1"]
[White "jcm"]
[Black "Lopesq"]
[Result "0-1"]
[WhiteElo "1728"]
[BlackElo "1928"]

1. e4 c5 2. Bc4 e6 3. Nf3 Nc6 4. Nc3 a6 5. b3 d6 6. Bb2 Nf6 7. Qe2 Be7 8. O-O-O
b5 9. Nxb5 axb5 10. Bxb5 Bd7 11. Rhe1 Rxa2 12. Ba4 Nb4 13. Kb1 Bxa4 14. bxa4
Rxa4 15. c3 Na6 0-1

[Event "AUTO-ADV-2631"]
[Site "http://www.queenalice.com/game.php?id=1106707"]
[Date "2012.9.26"]
[Round "1"]
[White "jcm"]
[Black "marconilho"]
[Result "1-0"]
[WhiteElo "1772"]
[BlackElo "1659"]

1. e4 e5 2. Nf3 Nc6 3. Bc4 h6 4. c3 Bc5 5. d4 exd4 6. cxd4 Bb6 7. Nc3 Nf6 8. Be3
a6 9. O-O d6 10. Qb3 Qe7 11. Nd5 Nxd5 12. Bxd5 Be6 13. Bxe6 Qxe6 14. d5 Qxe4 15.
Bxb6 Qe7 16. Rfe1 Ne5 17. Nxe5 dxe5 18. Bd4 f6 19. Bc3 Rb8 20. Qa4+ Kd8 21. Rac1
Qd6 22. Ba5 b6 23. Bb4 a5 24. Bxd6 cxd6 25. Qc6 Ke7 26. Qc7+ 1-0

[Event "AUTO-ADV-2631"]
[Site "http://www.queenalice.com/game.php?id=1106708"]
[Date "2012.9.26"]
[Round "1"]
[White "marconilho"]
[Black "jcm"]
[Result "1/2-1/2"]
[WhiteElo "1721"]
[BlackElo "1788"]

1. e4 c5 2. Bc4 e6 3. Nf3 a6 4. a3 Nc6 5. c3 b5 6. Ba2 Bb7 7. d3 Qc7 8. Be3 Nf6
9. h3 Be7 10. Bb3 d5 11. exd5 Nxd5 12. Nbd2 Nxe3 13. fxe3 Qg3+ 14. Kf1 Ne5 15.
Ne4 Bxe4 16. dxe4 Nxf3 17. Qxf3 Qxf3+ 18. gxf3 O-O-O 19. e5 Bg5 20. f4 Be7 21.
Rg1 g6 22. Rh1 c4 23. Bc2 f6 24. Be4 fxe5 25. fxe5 Rd2 26. Rb1 Bh4 27. Kg1 Bf2+
28. Kf1 Bxe3 29. h4 Rf8+ 30. Ke1 Rff2 31. Bc6 Rh2 32. Rxh2 Rxh2 33. b4 Bd2+ 34.
Kf1 Bxc3 35. Rc1 Bb2 36. Rd1 c3 37. Be4 c2 38. Bxc2 Rh1+ 39. Ke2 Rxd1 40. Bxd1
Bxe5 41. Bc2 Bb2 42. a4 bxa4 43. Bxa4 Bc3 44. b5 axb5 45. Bxb5 Bf6 46. Bc4 e5
47. Bg8 Bxh4 48. Bxh7 g5 49. Ke3 Kc7 50. Ke4 Kd6 51. Bf5 Bg3 52. Bg4 Bf4 53. Bf5
Kc5 54. Bg4 Kc4 55. Bf5 Kc3 56. Bg4 Kd2 57. Kf3 Ke1 58. Bf5 Kf1 59. Bg4 Kg1 60.
Bf5 Kf1 61. Bg4 Ke1 62. Bf5 Kd2 63. Bg4 Kd3 64. Bf5+ Kd4 65. Bg6 Kd5 1/2-1/2

[Event "AUTO-ADV-2649"]
[Site "http://www.queenalice.com/game.php?id=1112252"]
[Date "2012.10.13"]
[Round "1"]
[White "Monjo"]
[Black "jcm"]
[Result "1-0"]
[WhiteElo "1786"]
[BlackElo "1768"]

1. e4 c5 2. Nf3 e6 3. d4 cxd4 4. Nxd4 Bc5 5. Nb3 Qc7 6. Nxc5 Qxc5 7. Nc3 Nc6 8.
Be2 Nf6 9. O-O d5 10. exd5 Nxd5 11. Nxd5 exd5 12. Bf3 Be6 13. c3 O-O 14. Bf4
Rad8 15. Be3 Qd6 16. g3 Ne5 17. Bg2 Bg4 18. Qb3 Nf3+ 19. Kh1 f5 20. Bf4 Qf6 21.
c4 dxc4 22. Qxc4+ Kh8 23. Qc7 Qxb2 24. Rab1 Qxa2 25. Rxb7 Rg8 26. Bh6 1-0

[Event "AUTO-ADV-2649"]
[Site "http://www.queenalice.com/game.php?id=1112253"]
[Date "2012.10.13"]
[Round "1"]
[White "jcm"]
[Black "Monjo"]
[Result "0-1"]
[WhiteElo "1753"]
[BlackElo "1823"]

1. e4 e5 2. Nf3 Nf6 3. Nxe5 d6 4. Nf3 Nxe4 5. d4 d5 6. Bd3 Nc6 7. O-O Bg4 8. Re1
Be7 9. c4 Nf6 10. Be3 O-O 11. Nbd2 Bb4 12. Qc2 Bxf3 13. Nxf3 Bxe1 14. Nxe1 Nb4
15. Qb1 Nxd3 16. Qxd3 dxc4 17. Qxc4 c6 18. Qd3 Qd6 19. Nf3 Nd5 20. Ng5 g6 21.
Ne4 Qb4 22. Rb1 Rfe8 23. Nd2 Nxe3 24. fxe3 Qe7 25. Re1 Rad8 26. Nf3 Qb4 27. Nd2
Rxd4 0-1

[Event "AUTO-ADV-2649"]
[Site "http://www.queenalice.com/game.php?id=1112268"]
[Date "2012.10.13"]
[Round "1"]
[White "biano"]
[Black "jcm"]
[Result "0-1"]
[WhiteElo "1785"]
[BlackElo "1783"]

1. e4 c5 2. d4 cxd4 3. c3 dxc3 4. Nxc3 Nc6 5. Nf3 e6 6. Bc4 a6 7. a3 b5 8. Ba2
Bb7 9. O-O Qc7 10. Qe2 d6 11. Bf4 Be7 12. e5 dxe5 13. Nxe5 Nf6 14. Rac1 O-O 15.
Ng6 Bd6 16. Bxd6 Qxd6 17. Nxf8 Ne5 18. Nxe6 Neg4 19. f4 Qb6+ 20. Kh1 Ne3 0-1

[Event "AUTO-ADV-2649"]
[Site "http://www.queenalice.com/game.php?id=1112269"]
[Date "2012.10.13"]
[Round "1"]
[White "jcm"]
[Black "biano"]
[Result "0-1"]
[WhiteElo "1785"]
[BlackElo "1771"]

1. e4 e5 2. Nf3 Nc6 3. Bc4 Bc5 4. c3 Nf6 5. d4 exd4 6. Nxd4 O-O 7. Bg5 Re8 8.
O-O Rxe4 9. Nxc6 bxc6 10. Bd3 Re8 11. Nd2 d5 12. Nf3 Bg4 13. Qc2 Qd6 14. Bxf6
Qxf6 15. Bxh7+ Kh8 16. Nd4 g6 17. h3 Bc8 18. Bxg6 fxg6 19. Nf3 Kg7 20. Rfe1 Bf5
21. Qd2 Re7 22. Rxe7+ Bxe7 23. Re1 Bd6 24. Nd4 c5 25. Nf3 c6 26. Nh2 c4 27. Qe3
a5 28. Qb6 Rb8 29. Qa7+ Kh6 30. Qe3+ Qg5 31. Qf3 Rxb2 32. Re8 Rb1+ 33. Nf1 Qc1
34. g3 Qxf1+ 0-1

[Event "AUTO-ADV-2649"]
[Site "http://www.queenalice.com/game.php?id=1112278"]
[Date "2012.10.13"]
[Round "1"]
[White "Netuno"]
[Black "jcm"]
[Result "0-1"]
[WhiteElo "1955"]
[BlackElo "1728"]

1. e4 c5 2. Nf3 Nc6 3. d4 e6 4. Bb5 cxd4 5. Nxd4 Nxd4 6. Qxd4 a6 7. Ba4 b5 8.
Bb3 Bb7 9. O-O Nf6 10. Bg5 Be7 11. f3 d5 12. Nd2 O-O 13. c3 Rc8 14. Qd3 Bd6 15.
exd5 Bxd5 16. Bc2 Re8 17. Bxf6 gxf6 18. Qxh7+ Kf8 19. Ne4 Bxe4 20. fxe4 Ke7 21.
Qh6 Qb6+ 22. Kh1 Bxh2 23. Qxf6+ Kd6 24. e5+ Kc7 25. Kxh2 Rh8+ 26. Kg3 Qe3+ 27.
Rf3 Rcg8+ 28. Qg5 Rxg5# 0-1

[Event "AUTO-ADV-2649"]
[Site "http://www.queenalice.com/game.php?id=1112279"]
[Date "2012.10.13"]
[Round "1"]
[White "jcm"]
[Black "Netuno"]
[Result "0-1"]
[WhiteElo "1799"]
[BlackElo "1935"]

1. e4 e5 2. Nf3 Nc6 3. Bc4 Bc5 4. c3 Nf6 5. d4 exd4 6. cxd4 Bb4+ 7. Nbd2 O-O 8.
O-O d6 9. a3 Bxd2 10. Bxd2 Nxe4 11. Bd3 Nxd2 12. Qxd2 Qf6 13. Rfe1 h6 14. d5 Ne7
15. Bc2 Bg4 16. Qd3 Bf5 17. Qc4 Bxc2 18. Qxc2 Nxd5 19. Rac1 c6 20. Red1 Rfe8 21.
Qb3 Re7 22. Qc2 Rae8 23. Qa4 a6 24. Qb3 Qg6 25. Nh4 Qg4 26. g3 g5 27. Nf3 Nf4
28. Kf1 Qh3+ 0-1